Quiz o Paladins - Statistics

General Stats
  • This quiz has been taken 113 times
  • The average score is 32 of 44
Answer Stats
LPM PPM Q F E ODPOWIEDŹ % Correct
Lepka bomba Detonacja Zrzędliwa bomba Makówka Bombowy Król Bombowy Król
97%
Karabin snajperski Tryb snajperski Mina opresyjna Transporter Łowca głów Kinessa
86%
Garłacz Barykada Wieżyczka Rakietowe buty Tarcza kopułowa Barik
83%
Wyrzutnia rakiet Plucie ogniem Salwa Odbicie Cios smoka Drogoz
83%
Rzut toporem Okaleczający rzut Rozkwit Winorośl Trąba powietrzna Grover
83%
Karabin (Pistolet) Luneta (Flara) Szybka zamiana Kamuflaż Granat hukowy Strix
83%
Kostur lodu Lodowy blok Mrugnięcie Szybowanie Śnieżyca Evie
82%
Rozbijacz gwiazd Gwiezdny znak Tchnienie pustki Gwiezdny wiatr Przez czas i przestrzeń Jenos
80%
Rewolwery magnum Pościg Zemsta Ślizg bojowy Prawo Lex
80%
Kula dusz Przywrócenie duszy Rozdarcie duszy Podróż w cieniu Konwergencja Seris
80%
Pistolet maszynowy (Pazury Demona) Krok w cień (Przebicie) Postawa smoka Zręczność Uderzenie cyklonu Koga
79%
Sztylety Skok Dziewięć żywotów Polowanie Północ Maeve
79%
Działo Drenująca kotwica Skorupa ochronna Obrót skorupy Pradawny szał Makoa
79%
Karabin szturmowy Celownik Granat odłamkowy Krzątanina Zapora Wiktor
79%
Iluzoryczne lustro Roztrzaskanie Iluzja Przejście międzywymiarowe Iluzoryczna szczelina Ying
79%
Strzelba Strzał siecią Regeneracja Heroiczny wyskok Dziki Buck Buck
77%
Ostrze żarliwości Rozpalenie duszy Żarliwe uderzenie Skrzydła gniewu Stojąca w ogniu Furia
77%
Plująca Kobra Duchy naprawcze Tykwa Ślizg Przerażający wąż Mal'Damba
77%
Kusza na nadgarstek Zatrute bełty Zasłona dymna Ukrycie Bomba czasowa Skye
77%
Ogniste ostrze Kontra Kłąb dymu Wir Złośliwość Zhin
77%
Kamienna włócznia Skalny strażnik Impas Pole strażnika Fala sejsmiczna Inara
76%
Ciężki automat Ostoja Okrzyk bojowy Uchwyt dowódcy Pokonanie Khan
76%
Dozownik mikstur Wybuchowy flakon Mikstura lecząca Nieważkość Zły urok Pip
74%
Karabin szturmowy Granatnik Bomba zapalająca Znamię łowcy Ogień krzyżowy Tyra
74%
Przeklęta haubica Burta Harpun Skrót Kraken Dredge
71%
Działo wybuchowe Wybuch kinetyczny Tarcza oblężnicza Uderzenie ramieniem Dominacja Ash
70%
Kusza Wycofanie Wybuchowy strzał Przewrót Zwiad Cassie
70%
Ognista lanca Tarcza Kula ognia Szarża Nieśmiertelny Fernando
70%
Karabin rodowy Odwaga Obecność Łaska Oświecenie Lian
70%
Topór masakry Wybuch nieszczęścia Wir mocy Kaskada Ożywienie Terminus
70%
Rewolwer Przekora Inwersja Mroczny sprint Przeklęty oręż Androxus
68%
Lekki karabin maszynowy Dokładny celownik Deflektor Dron z czujnikami Strażnice Vivian
67%
Działo czasu Przeniesienie Pole zastojowe Druga szansa Wygnaniec Atlas
65%
Mroźny bełt (Kula płomieni) Mroźna bomba (Działo piekła) Przywołanie żywiołów Mroźnognisty ślizg Wezwanie smoka Imani
65%
Łuk światła Światło Księżyca Duch opiekuńczy Księżycowy skok A kysz Io
65%
Kartaczownica Zapłon Żniwo dusz Moloch Kataklizm Raum
64%
Działka Wyrzutnia rakiet Emiter Natarcie Poszóstny ogień Ruckus
64%
Rękawica Anulacja Ochrona Doładowanie Hiperpromień Torvald
64%
Rozprysk chowańca Splunięcie chowańca Magiczna bariera Trucht Bon Appetit Moji
62%
Kostur błyskawic Porażenie Totem leczniczy Ścieżka duchów Nawałnica Grohk
61%
Różdżka zarośnięcia Martwa strefa Kiełek Trzepot Lot wróżki Willo
59%
Pistolet oficera Głębinowa rekonstrukcja Znak przeznaczenia Projekcja Wyłom entropiczny Corvus
58%
Ostre czakramy Ciężkie ostrze Bitewny trans Przyczajony tigron Taniec mieczy Tyberiusz
56%
Blaster Szybki atak Przeciążenie Runa podróży Prawdziwa moc Talus
53%
No matching quizzes found
Score Distribution
Percent of People with Each Score
Percentile by Number Answered
Your Score History
You have not taken this quiz